Club América Best Scorer By Year - Statistics

General Stats
  • This quiz has been taken 149 times
    74 since last reset
  • The average score is 6 of 13
Answer Stats
Player % Correct
Henry Martín
98%
Cuauhtémoc Blanco
81%
Julián Quiñones
76%
Oribe Peralta
63%
Salvador Cabañas
61%
Raúl Jiménez
56%
Christian Benítez
53%
Guido Rodríguez
36%
Claudio López
34%
Álvaro Fidalgo
32%
Silvio Romero
27%
Vicente Matías Vuoso
22%
Kléber Pereira
10%
No matching quizzes found
Score Distribution
Percent of People with Each Score
Percentile by Number Answered
Your Score History
You have not taken this quiz since the last reset